Ленин и современная наука: [сборник статей]; в 2 кн.

Bibliografiske detaljer
Institution som forfatter: Академия наук СССР (АН СССР)
Andre forfattere: Келдыш М. В. Мстислав Всеволодович
Sprog:russisk
Udgivet: Москва, Наука, 1970
Format: MixedMaterials Bog
KOHA link:https://koha.lib.tpu.ru/cgi-bin/koha/opac-detail.pl?biblionumber=302734

MARC

LEADER 00000nam1a2200000 4500
001 302734
005 20231102001531.0
035 |a (RuTPU)RU\TPU\book\327944 
090 |a 302734 
100 |a 20150826d1970 m y0rusy50 ca 
101 0 |a rus 
102 |a RU 
200 1 |a Ленин и современная наука  |e [сборник статей]  |e в 2 кн.  |f Академия наук СССР (АН СССР) ; гл. ред. М. В. Келдыш 
210 |a Москва  |c Наука  |d 1970 
702 1 |a Келдыш  |b М. В.  |c математик и механик  |c академик АН СССР, Герой Социалистического Труда  |f 1911-1978  |g Мстислав Всеволодович  |2 stltpush  |3 (RuTPU)RU\TPU\pers\6060  |4 651  |9 1187 
712 0 2 |a Академия наук СССР (АН СССР)  |c (1925-1991)  |2 stltpush  |3 (RuTPU)RU\TPU\col\722 
801 1 |a RU  |b 63413507  |c 20150826 
801 2 |a RU  |b 63413507  |c 20161205  |g RCR 
942 |c BK